LEADER 00860nam a2200229 i 4500 001 000000135631 003 CaOOAMICUS 005 20050308000000.0 008 050308s2004 it u000 u mul u 013 $a109022 020 $a88-10-24113-4 040 $aSeMil$bita 245 10$aPaolo 6., Giovanni Paolo 2. 300 $a4823, 71 p. 500 $aContiene : Fonti Bibliografiche. - Testo francese a fronte. 650 4$aPace - Enchiridion.$0(OLS)http://semarc/subject/2459 773 0 $tEnchiridion della pace.$bEd. bilingue.$dBologna : EDB, 2004.$g2$w()11576 850 $aSeMil 852 $aSeMil$W1$xVenegono$y1$mSL1.X VII 4$j89279$B89279$CSeMilBibl$Z2$F94152 $8I 961 $aAcquisto: Cittą Nuova (Agente) 996 $6020$a88-10-24113-4$9(OLS)http://semarc/number/122999 996 $6245$aPaolo 6., Giovanni Paolo 2$9(OLS)http://semarc/title/198288 LEADER 00846nam a2200229 i 4500 001 000000086540 003 CaOOAMICUS 005 20180830150010.0 008 180830s1936 xx u000 u und u 013 $a58780 040 $aSeMil$bita 100 1 $aAntonio : da Padova .$0(OLS)http://semarc/name/9799 245 10$aSermoni scelti. 260 $aSiena :$bCantagalli,$c1936. 300 $a173 p. 650 4$aOmiletica.$0(OLS)http://semarc/subject/3458 650 4$aMedioevo.$0(OLS)http://semarc/subject/974 700 1 $aCantini, Gustavo,$c.$0(OLS)http://semarc/name/20676 850 $aSeMil 852 $aSeMil$W1$xVenegono$y1$m74 1 42 *$j50203$B50203$CSeMilBibl$Z2$F54139 $81 996 $6245$aSermoni scelti$9(OLS)http://semarc/title/132825 996 $6260$aSiena :$bCantagalli$9(OLS)http://semarc/publisher/29767